00721nas a2200229 4500001001000000003000900010005001700019007000300036008003400039040005400073041000900127072000800136100001800144100002000162100002000182100002300202245011400225650001000339650001100349650002400360773010700384BR9607898BR-BrBNA20231205095951.0ta230509b bl.|||p| |||| 00| 00por d aBR-BrBNAbporcBiblioteca Nacional de Agricultura a(Pt) aQ041 aNicolau, E.S.1 aNader Filho, A.1 aAmaral, L.A. do1 aRossi Junior, O.D.1 aInfluencia da mastite subclinica estafilococica sobre as caracteristicas fisico-quimicas e celulares do leite aLeite aMamite aAnalise de Alimento0 tPesquisa Veterinaria Brasileira (Brazil)xISSN 0100-736Xg(Jan-Mar 1996), v. 16(1) p. 35-38wBR9607898